| 000 | 00513 a2200145 4500 | ||
|---|---|---|---|
| 082 | _a378.242 | ||
| 100 |
_aHumera Ayub _992372 |
||
| 245 |
_aVoice Masking System [Project BIT1] _cHumera Ayub |
||
| 260 |
_aIslamabad, _bNUST School of Electrical Engineering & Computer Science, _c2004. |
||
| 300 |
_avii, 49 p. : _bill. ; _c27 cm. _eCD-ROM |
||
| 500 | _aSupervisor: Mr. Nasir Mahmood. | ||
| 650 |
_aVoice Masking _992373 |
||
| 856 | _uhttp://10.250.8.41:8080/xmlui/handle/123456789/28885 | ||
| 942 |
_cPR _k378.242 HUM _2ddc |
||
| 999 |
_c8915 _d8915 |
||